<?xml version="1.0" encoding="UTF-8"?>
<marc:record xmlns:marc="http://www.loc.gov/MARC21/slim" type="Bibliographic">
   <marc:leader>00000pam a2200000 c 4500</marc:leader>
   <marc:controlfield tag="001">969100426</marc:controlfield>
   <marc:controlfield tag="003">DE-101</marc:controlfield>
   <marc:controlfield tag="005">20171203151459.0</marc:controlfield>
   <marc:controlfield tag="007">tu</marc:controlfield>
   <marc:controlfield tag="008">031020s2003    gw ||||| |||| 00||||ger  </marc:controlfield>
   <marc:datafield ind1=" " ind2=" " tag="015">
      <marc:subfield code="a">04,A04,0188</marc:subfield>
      <marc:subfield code="z">03,N46,0367</marc:subfield>
      <marc:subfield code="2">dnb</marc:subfield>
   </marc:datafield>
   <marc:datafield ind1="7" ind2=" " tag="016">
      <marc:subfield code="2">DE-101</marc:subfield>
      <marc:subfield code="a">969100426</marc:subfield>
   </marc:datafield>
   <marc:datafield ind1=" " ind2=" " tag="020">
      <marc:subfield code="a">9783935189101</marc:subfield>
      <marc:subfield code="c">kart. : EUR 3.80</marc:subfield>
      <marc:subfield code="9">978-3-935189-10-1</marc:subfield>
   </marc:datafield>
   <marc:datafield ind1=" " ind2=" " tag="020">
      <marc:subfield code="a">3935189109</marc:subfield>
      <marc:subfield code="c">kart. : EUR 3.80</marc:subfield>
      <marc:subfield code="9">3-935189-10-9</marc:subfield>
   </marc:datafield>
   <marc:datafield ind1="3" ind2=" " tag="024">
      <marc:subfield code="a">9783935189101</marc:subfield>
   </marc:datafield>
   <marc:datafield ind1="5" ind2="2" tag="028">
      <marc:subfield code="a">2017</marc:subfield>
   </marc:datafield>
   <marc:datafield ind1=" " ind2=" " tag="035">
      <marc:subfield code="a">(DE-599)DNB969100426</marc:subfield>
   </marc:datafield>
   <marc:datafield ind1=" " ind2=" " tag="035">
      <marc:subfield code="a">(OCoLC)76677458</marc:subfield>
   </marc:datafield>
   <marc:datafield ind1=" " ind2=" " tag="040">
      <marc:subfield code="a">1240</marc:subfield>
      <marc:subfield code="b">ger</marc:subfield>
      <marc:subfield code="c">DE-101</marc:subfield>
      <marc:subfield code="d">9999</marc:subfield>
   </marc:datafield>
   <marc:datafield ind1=" " ind2=" " tag="041">
      <marc:subfield code="a">ger</marc:subfield>
      <marc:subfield code="h">ita</marc:subfield>
   </marc:datafield>
   <marc:datafield ind1=" " ind2=" " tag="044">
      <marc:subfield code="c">XA-DE-BY</marc:subfield>
   </marc:datafield>
   <marc:datafield ind1="7" ind2="4" tag="082">
      <marc:subfield code="a">230</marc:subfield>
      <marc:subfield code="a">150</marc:subfield>
      <marc:subfield code="a">610</marc:subfield>
      <marc:subfield code="q">DE-101</marc:subfield>
      <marc:subfield code="2">22sdnb</marc:subfield>
   </marc:datafield>
   <marc:datafield ind1=" " ind2=" " tag="090">
      <marc:subfield code="a">b</marc:subfield>
   </marc:datafield>
   <marc:datafield ind1="1" ind2=" " tag="100">
      <marc:subfield code="0">(DE-588)120537036</marc:subfield>
      <marc:subfield code="0">http://d-nb.info/gnd/120537036</marc:subfield>
      <marc:subfield code="0">(DE-101)120537036</marc:subfield>
      <marc:subfield code="a">Amorth, Gabriele</marc:subfield>
      <marc:subfield code="d">1925-2016</marc:subfield>
      <marc:subfield code="e">Verfasser</marc:subfield>
      <marc:subfield code="4">aut</marc:subfield>
   </marc:datafield>
   <marc:datafield ind1="0" ind2="0" tag="245">
      <marc:subfield code="a">Dämonische Mächte unserer Zeit</marc:subfield>
      <marc:subfield code="b">Exorzisten im Gespräch mit Psychiatern</marc:subfield>
      <marc:subfield code="c">Gabriele Amorth. [Aus dem Ital. übers. von H. Holzer]</marc:subfield>
   </marc:datafield>
   <marc:datafield ind1=" " ind2="1" tag="264">
      <marc:subfield code="a">Fremdingen</marc:subfield>
      <marc:subfield code="b">Unio-Verl.</marc:subfield>
      <marc:subfield code="c">2003</marc:subfield>
   </marc:datafield>
   <marc:datafield ind1=" " ind2=" " tag="300">
      <marc:subfield code="a">65 S.</marc:subfield>
      <marc:subfield code="c">21 cm</marc:subfield>
   </marc:datafield>
   <marc:datafield ind1=" " ind2=" " tag="336">
      <marc:subfield code="a">Text</marc:subfield>
      <marc:subfield code="b">txt</marc:subfield>
      <marc:subfield code="2">rdacontent</marc:subfield>
   </marc:datafield>
   <marc:datafield ind1=" " ind2=" " tag="337">
      <marc:subfield code="a">ohne Hilfsmittel zu benutzen</marc:subfield>
      <marc:subfield code="b">n</marc:subfield>
      <marc:subfield code="2">rdamedia</marc:subfield>
   </marc:datafield>
   <marc:datafield ind1=" " ind2=" " tag="338">
      <marc:subfield code="a">Band</marc:subfield>
      <marc:subfield code="b">nc</marc:subfield>
      <marc:subfield code="2">rdacarrier</marc:subfield>
   </marc:datafield>
   <marc:datafield ind1="1" ind2=" " tag="490">
      <marc:subfield code="a">Reihe: Seelsorge</marc:subfield>
      <marc:subfield code="v">H. 2</marc:subfield>
   </marc:datafield>
   <marc:datafield ind1=" " ind2="7" tag="650">
      <marc:subfield code="0">(DE-588)4015991-7</marc:subfield>
      <marc:subfield code="0">http://d-nb.info/gnd/4015991-7</marc:subfield>
      <marc:subfield code="0">(DE-101)040159914</marc:subfield>
      <marc:subfield code="a">Exorzismus</marc:subfield>
      <marc:subfield code="2">gnd</marc:subfield>
   </marc:datafield>
   <marc:datafield ind1=" " ind2="7" tag="650">
      <marc:subfield code="0">(DE-588)4047667-4</marc:subfield>
      <marc:subfield code="0">http://d-nb.info/gnd/4047667-4</marc:subfield>
      <marc:subfield code="0">(DE-101)040476677</marc:subfield>
      <marc:subfield code="a">Psychiatrie</marc:subfield>
      <marc:subfield code="2">gnd</marc:subfield>
   </marc:datafield>
   <marc:datafield ind1=" " ind2="7" tag="650">
      <marc:subfield code="0">(DE-588)4006019-6</marc:subfield>
      <marc:subfield code="0">http://d-nb.info/gnd/4006019-6</marc:subfield>
      <marc:subfield code="0">(DE-101)040060195</marc:subfield>
      <marc:subfield code="a">Besessenheit</marc:subfield>
      <marc:subfield code="2">gnd</marc:subfield>
   </marc:datafield>
   <marc:datafield ind1=" " ind2="7" tag="650">
      <marc:subfield code="0">(DE-588)4010074-1</marc:subfield>
      <marc:subfield code="0">http://d-nb.info/gnd/4010074-1</marc:subfield>
      <marc:subfield code="0">(DE-101)04010074X</marc:subfield>
      <marc:subfield code="a">Christentum</marc:subfield>
      <marc:subfield code="2">gnd</marc:subfield>
   </marc:datafield>
   <marc:datafield ind1=" " ind2="7" tag="650">
      <marc:subfield code="0">(DE-588)4006019-6</marc:subfield>
      <marc:subfield code="0">http://d-nb.info/gnd/4006019-6</marc:subfield>
      <marc:subfield code="0">(DE-101)040060195</marc:subfield>
      <marc:subfield code="a">Besessenheit</marc:subfield>
      <marc:subfield code="2">gnd</marc:subfield>
   </marc:datafield>
   <marc:datafield ind1=" " ind2="7" tag="650">
      <marc:subfield code="0">(DE-588)4047704-6</marc:subfield>
      <marc:subfield code="0">http://d-nb.info/gnd/4047704-6</marc:subfield>
      <marc:subfield code="0">(DE-101)040477045</marc:subfield>
      <marc:subfield code="a">Psychologie</marc:subfield>
      <marc:subfield code="2">gnd</marc:subfield>
   </marc:datafield>
   <marc:datafield ind1=" " ind2=" " tag="653">
      <marc:subfield code="a">(VLB-PF)00: (unbekannt)</marc:subfield>
   </marc:datafield>
   <marc:datafield ind1="0" ind2="0" tag="689">
      <marc:subfield code="0">(DE-588)4015991-7</marc:subfield>
      <marc:subfield code="0">http://d-nb.info/gnd/4015991-7</marc:subfield>
      <marc:subfield code="0">(DE-101)040159914</marc:subfield>
      <marc:subfield code="D">s</marc:subfield>
      <marc:subfield code="a">Exorzismus</marc:subfield>
   </marc:datafield>
   <marc:datafield ind1="0" ind2="1" tag="689">
      <marc:subfield code="0">(DE-588)4047667-4</marc:subfield>
      <marc:subfield code="0">http://d-nb.info/gnd/4047667-4</marc:subfield>
      <marc:subfield code="0">(DE-101)040476677</marc:subfield>
      <marc:subfield code="D">s</marc:subfield>
      <marc:subfield code="a">Psychiatrie</marc:subfield>
   </marc:datafield>
   <marc:datafield ind1="0" ind2=" " tag="689">
      <marc:subfield code="5">DE-101</marc:subfield>
      <marc:subfield code="5">DE-101</marc:subfield>
   </marc:datafield>
   <marc:datafield ind1="1" ind2="0" tag="689">
      <marc:subfield code="0">(DE-588)4006019-6</marc:subfield>
      <marc:subfield code="0">http://d-nb.info/gnd/4006019-6</marc:subfield>
      <marc:subfield code="0">(DE-101)040060195</marc:subfield>
      <marc:subfield code="D">s</marc:subfield>
      <marc:subfield code="a">Besessenheit</marc:subfield>
   </marc:datafield>
   <marc:datafield ind1="1" ind2="1" tag="689">
      <marc:subfield code="0">(DE-588)4010074-1</marc:subfield>
      <marc:subfield code="0">http://d-nb.info/gnd/4010074-1</marc:subfield>
      <marc:subfield code="0">(DE-101)04010074X</marc:subfield>
      <marc:subfield code="D">s</marc:subfield>
      <marc:subfield code="a">Christentum</marc:subfield>
   </marc:datafield>
   <marc:datafield ind1="1" ind2=" " tag="689">
      <marc:subfield code="5">DE-101</marc:subfield>
      <marc:subfield code="5">DE-101</marc:subfield>
   </marc:datafield>
   <marc:datafield ind1="2" ind2="0" tag="689">
      <marc:subfield code="0">(DE-588)4006019-6</marc:subfield>
      <marc:subfield code="0">http://d-nb.info/gnd/4006019-6</marc:subfield>
      <marc:subfield code="0">(DE-101)040060195</marc:subfield>
      <marc:subfield code="D">s</marc:subfield>
      <marc:subfield code="a">Besessenheit</marc:subfield>
   </marc:datafield>
   <marc:datafield ind1="2" ind2="1" tag="689">
      <marc:subfield code="0">(DE-588)4047704-6</marc:subfield>
      <marc:subfield code="0">http://d-nb.info/gnd/4047704-6</marc:subfield>
      <marc:subfield code="0">(DE-101)040477045</marc:subfield>
      <marc:subfield code="D">s</marc:subfield>
      <marc:subfield code="a">Psychologie</marc:subfield>
   </marc:datafield>
   <marc:datafield ind1="2" ind2=" " tag="689">
      <marc:subfield code="5">DE-101</marc:subfield>
      <marc:subfield code="5">DE-101</marc:subfield>
   </marc:datafield>
   <marc:datafield ind1="1" ind2="2" tag="700">
      <marc:subfield code="a">Amorth, Gabriele</marc:subfield>
      <marc:subfield code="d">1925-2016</marc:subfield>
      <marc:subfield code="t">Esorcisti e psichiatri</marc:subfield>
      <marc:subfield code="g">dt.</marc:subfield>
   </marc:datafield>
   <marc:datafield ind1=" " ind2="0" tag="830">
      <marc:subfield code="a">Reihe: Seelsorge</marc:subfield>
      <marc:subfield code="v">H. 2</marc:subfield>
      <marc:subfield code="w">(DE-101)966621212</marc:subfield>
      <marc:subfield code="w">(DE-600)2397491-6</marc:subfield>
      <marc:subfield code="9">12</marc:subfield>
      <marc:subfield code="7">as</marc:subfield>
   </marc:datafield>
   <marc:datafield ind1=" " ind2=" " tag="850">
      <marc:subfield code="a">DE-101a</marc:subfield>
      <marc:subfield code="a">DE-101b</marc:subfield>
   </marc:datafield>
   <marc:datafield ind1="r" ind2=" " tag="925">
      <marc:subfield code="a">ra</marc:subfield>
   </marc:datafield>
</marc:record>
